000 03068cam a2200337 4500500
005 20260405003549.0
041 _afre
042 _adc
100 1 0 _aIshac, Georges
_eauthor
245 0 0 _aOrientation entrepreneuriale dans les organismes sociaux : un levier de performance sociale et de résilience face aux crises
260 _c2026.
500 _a84
520 _aLe but de cette recherche est d’étudier l’importance de l’orientation entrepreneuriale (OE) dans les organismes sociaux. Le cadre s’appuie sur les dimensions classiques de l’OE, telles que l’innovation, la proactivité et la prise de risque, tout en intégrant les dimensions récentes liées aux pratiques sociales, comme la réciprocité, la collaboration et la socialness ; il est enrichi par l’attitude entrepreneuriale des dirigeants et le rôle de l’environnement. La recherche repose sur une méthodologie qualitative, incluant des observations participantes, analyses de données et des entretiens semi-directifs. Les résultats attendus montrent que l’OE est un levier stratégique pour améliorer la performance sociale et la résilience des organismes non lucratifs. L’étude conclut par une proposition de cadre théorique de l’OE dans une logique sociale en intégrant les dimensions sociales, et ouvre des perspectives pour renforcer l’analyse de l’entrepreneuriat dans un contexte purement social.
520 _aThe aim of this research is to study the importance of entrepreneurial orientation (EO) in non-profit organizations. The framework relies on EO’s classical dimensions such as innovation, proactivity and risk-taking, while considering recent dimensions of social practices such as reciprocity, collaboration and socialness, and is enriched by the entrepreneurial attitude of leaders and the role of the environment. This research relies on a qualitative methodology that includes participant observations, data analysis and semi-structured interviews. The expected results show that EO is a strategic factor which enhances social performance and resilience within non-profit organizations. The study concludes with a suggested theoretical framework for EO in a social perspective by including the social dimensions and offers future perspectives to strengthen the analysis of entrepreneurship within a purely social context. 
690 _adimensions sociales
690 _aentrepreneuriat
690 _ainnovation
690 _aorganisation à but non lucratif
690 _aorientation entrepreneuriale
690 _aperformance
690 _arésilience
690 _aentrepreneurial orientation
690 _aentrepreneurship
690 _ainnovation
690 _anon-profit Organizations
690 _aperformance
690 _aresilience
690 _asocial dimensions
786 0 _nProjectics / Proyéctica / Projectique | 43 | 1 | 2026-03-24 | p. 51-61 | 2031-9703
856 4 1 _uhttps://shs.cairn.info/revue-projectics-proyectica-projectique-2026-1-page-51?lang=fr&redirect-ssocas=7080
999 _c2068769
_d2068769